[Event "GER-chB Seniors 26th"]
[Site "Bad Neuenahr"]
[Date "2014.08.07"]
[Round "3"]
[White "Jung, Michael"]
[Black "Eidam, Horst"]
[Result "1/2-1/2"]
[WhiteElo "1775"]
[BlackElo "1910"]
[PlyCount "29"]
[EventDate "2014.08.05"]
[EventType "swiss"]
[EventRounds "9"]
[EventCountry "GER"]
[SourceTitle "EXT 2018"]
[Source "ChessBase"]
[SourceDate "2017.10.13"]
[SourceVersion "1"]
[SourceVersionDate "2017.10.13"]
[SourceQuality "1"]

1. c4 e5 2. Nc3 Nf6 3. e4 d6 4. h3 Nc6 5. d3 Be7 6. g3 0-0 7. Bg2 Nd4 8. Be3 c6 9. Nge2 Nxe2 10. Qxe2 Be6 11. 0-0 d5 12. cxd5 cxd5 13. exd5 Nxd5 14. Bd2 Bf6 15. Qe4 1/2-1/2

[Event "GER-chB Seniors 26th"]
[Site "Bad Neuenahr"]
[Date "2014.08.06"]
[Round "2"]
[White "Eidam, Horst"]
[Black "Johnen, Franz"]
[Result "1/2-1/2"]
[WhiteElo "1910"]
[BlackElo "1719"]
[PlyCount "76"]
[EventDate "2014.08.05"]
[EventType "swiss"]
[EventRounds "9"]
[EventCountry "GER"]
[SourceTitle "EXT 2018"]
[Source "ChessBase"]
[SourceDate "2017.10.13"]
[SourceVersion "1"]
[SourceVersionDate "2017.10.13"]
[SourceQuality "1"]

1. e4 c5 2. c3 Nc6 3. d4 cxd4 4. cxd4 d5 5. e5 e6 6. Nf3 h6 7. Be2 Nge7 8. 0-0 Nf5 9. b3 Be7 10. Nc3 a6 11. Bb2 b5 12. Rc1 Bb7 13. a3 Rc8 14. b4 0-0 15. Nb1 Qb6 16. Qd3 Rc7 17. Nbd2 Nh4 18. Nxh4 Bxh4 19. Nb3 Bg5 20. f4 Be7 21. Nc5 Bxc5 22. dxc5 Qa7 23. f5 exf5 24. Qxf5 Bc8 25. Qf3 Be6 26. Qg3 a5 27. Bxb5 axb4 28. Bxc6 bxa3 29. Qxa3 Qxa3 30. Bxa3 Rxc6 31. Bb2 Rb8 32. Bd4 Rb4 33. Rfd1 Bf5 34. Bc3 Ra4 35. Rxd5 Be6 36. Rd8+ Kh7 37. Bd4 Kg6 38. Bf2 Re4 1/2-1/2

[Event "Leipzig VfB op 21st"]
[Site "Leipzig"]
[Date "2014.03.05"]
[Round "3"]
[White "Eidam, Horst"]
[Black "Schomann, Michael"]
[Result "1-0"]
[WhiteElo "1932"]
[BlackElo "1726"]
[PlyCount "57"]
[EventDate "2014.03.04"]
[EventType "tourn"]
[EventRounds "9"]
[EventCountry "GER"]
[SourceTitle "CBM 159 Extra"]
[Source "ChessBase"]
[SourceDate "2014.04.24"]
[SourceVersion "1"]
[SourceVersionDate "2014.04.24"]
[SourceQuality "1"]

1. d4 d5 2. c4 e6 3. Nc3 Nf6 4. Nf3 c6 5. e3 Be7 6. Bd3 0-0 7. 0-0 Nbd7 8. b3 b6 9. Bb2 Bb7 10. Rc1 dxc4 11. Bxc4 c5 12. Qe2 cxd4 13. exd4 Nd5 14. Nxd5 Bxd5 15. Bxd5 exd5 16. Ne5 Nxe5 17. dxe5 Bc5 18. Kh1 Qh4 19. f4 Rfe8 20. Rc3 g6 21. Rh3 Qe7 22. Qg4 d4 23. b4 Bxb4 24. Bxd4 Bc5 25. Ba1 f6 26. exf6 Qf7 27. f5 Be3 28. fxg6 hxg6 29. Qh4 1-0

[Event "MVP-ch Seniors op 13th"]
[Site "Binz"]
[Date "2013.12.02"]
[Round "6"]
[White "Peleikis, Horst"]
[Black "Eidam, Horst"]
[Result "1-0"]
[WhiteElo "1913"]
[BlackElo "1737"]
[PlyCount "85"]
[EventDate "2013.11.27"]
[EventType "swiss"]
[EventRounds "9"]
[EventCountry "GER"]
[SourceTitle "EXT 2015"]
[Source "ChessBase"]
[SourceDate "2014.11.20"]
[SourceVersion "1"]
[SourceVersionDate "2014.11.20"]
[SourceQuality "1"]

1. e4 c5 2. Nf3 d6 3. d4 cxd4 4. Nxd4 Nf6 5. Nc3 a6 6. Bc4 e6 7. Bb3 Bd7 8. Be3 Nc6 9. Nxc6 Bxc6 10. f3 Be7 11. Qd2 b5 12. 0-0-0 Nd7 13. Qf2 a5 14. a4 bxa4 15. Nxa4 Qb8 16. Bd4 0-0 17. Rd3 e5 18. Be3 Qb4 19. Bd2 Qb7 20. Bd5 Rfc8 21. Rb3 Qa6 22. Nc3 a4 23. Ra3 Rab8 24. Kb1 Qb7 25. Bc1 Bg5 26. Qe1 Bxc1 27. Qxc1 Nb6 28. Rd1 Bxd5 29. Nxd5 Nc4 30. Ra2 a3 31. b3 Kf8 32. Rd3 Nb2 33. Rc3 Rxc3 34. Nxc3 Ra8 35. Nd5 Ra7 36. h4 Qb5 37. Qg1 Ra5 38. Qf2 Qc6 39. Qe1 Qa6 40. Ra1 Rc5 41. Qb4 Qc8 42. Qxa3 Rxc2 43. Qxd6+ 1-0

[Event "Leipzig VfB op 18th"]
[Site "Leipzig"]
[Date "2011.03.26"]
[Round "7"]
[White "Eidam, Horst"]
[Black "Huelle, Gunter"]
[Result "1-0"]
[WhiteElo "1969"]
[BlackElo "1761"]
[PlyCount "48"]
[EventDate "2011.03.20"]
[EventType "swiss"]
[EventRounds "9"]
[EventCountry "GER"]
[SourceTitle "CBM 141 Extra"]
[Source "ChessBase"]
[SourceDate "2011.05.03"]
[SourceVersion "1"]
[SourceVersionDate "2011.05.03"]
[SourceQuality "1"]

1. c4 Nf6 2. Nc3 e5 3. g3 c6 4. d4 exd4 5. Qxd4 Bb4 6. a3 Bxc3+ 7. Qxc3 0-0 8. Bg5 Ne4 9. Bxd8 Nxc3 10. Ba5 Na4 11. b3 Nc5 12. Rb1 b6 13. Bc3 Rd8 14. Bg2 d6 15. b4 Bf5 16. Ra1 Ne4 17. Bb2 Nd7 18. Nf3 Rac8 19. Nh4 g6 20. Nxf5 gxf5 21. Bh3 Ng5 22. Bxf5 Ne6 23. 0-0 Ng7 24. Bxg7 Kxg7 1-0

[Event "Leipzig VfB op 18th"]
[Site "Leipzig"]
[Date "2011.03.25"]
[Round "6"]
[White "Pauscher, Wolfgang"]
[Black "Eidam, Horst"]
[Result "1-0"]
[WhiteElo "1825"]
[BlackElo "1969"]
[PlyCount "29"]
[EventDate "2011.03.20"]
[EventType "swiss"]
[EventRounds "9"]
[EventCountry "GER"]
[SourceTitle "CBM 141 Extra"]
[Source "ChessBase"]
[SourceDate "2011.05.03"]
[SourceVersion "1"]
[SourceVersionDate "2011.05.03"]
[SourceQuality "1"]

1. e4 c5 2. Nf3 e6 3. d4 cxd4 4. Nxd4 a6 5. Nc3 b5 6. Bd3 Bb7 7. 0-0 d6 8. a4 b4 9. Na2 d5 10. e5 Nc6 11. Nxc6 Bxc6 12. c3 bxc3 13. Nxc3 Bb4 14. Qg4 g6 15. Qxb4 1-0

[Event "Leipzig VfB op 18th"]
[Site "Leipzig"]
[Date "2011.03.24"]
[Round "4"]
[White "Thalwitzer, Bernd"]
[Black "Eidam, Horst"]
[Result "1/2-1/2"]
[WhiteElo "1771"]
[BlackElo "1969"]
[PlyCount "56"]
[EventDate "2011.03.20"]
[EventType "swiss"]
[EventRounds "9"]
[EventCountry "GER"]
[SourceTitle "CBM 141 Extra"]
[Source "ChessBase"]
[SourceDate "2011.05.03"]
[SourceVersion "1"]
[SourceVersionDate "2011.05.03"]
[SourceQuality "1"]

1. e4 e5 2. Nf3 Nc6 3. Bb5 a6 4. Ba4 Nf6 5. Qe2 d6 6. c3 Be7 7. d3 0-0 8. Nbd2 b5 9. Bc2 Nh5 10. Nf1 Nf4 11. Bxf4 exf4 12. h3 b4 13. Qd2 bxc3 14. bxc3 g5 15. g4 Bf6 16. Rb1 Be6 17. Bb3 Rb8 18. Qc2 Qe7 19. N1d2 Kg7 20. d4 Bxb3 21. axb3 Rfe8 22. d5 Nd8 23. c4 a5 24. 0-0 Nb7 25. b4 axb4 26. Rxb4 Nc5 27. Rxb8 Rxb8 28. Re1 Nd7 1/2-1/2

[Event "Leipzig VfB op 16th"]
[Site "Leipzig"]
[Date "2009.04.02"]
[Round "4"]
[White "Eidam, Horst"]
[Black "Wolter, Uwe"]
[Result "1-0"]
[WhiteElo "2025"]
[BlackElo "1389"]
[PlyCount "55"]
[EventDate "2009.03.31"]
[EventType "swiss"]
[EventRounds "9"]
[EventCountry "GER"]
[SourceTitle "EXT 2010"]
[Source "ChessBase"]
[SourceDate "2010.11.25"]
[SourceVersion "1"]
[SourceVersionDate "2010.11.25"]
[SourceQuality "1"]

1. e4 c6 2. d4 d5 3. e5 Bf5 4. g4 Bg6 5. h4 h6 6. h5 Bh7 7. e6 fxe6 8. Bd3 Bxd3 9. Qxd3 Nf6 10. Qg6+ Kd7 11. Nf3 Kc7 12. Bf4+ Kb6 13. Nc3 a6 14. Na4+ Ka7 15. Nc5 Qe8 16. Ne5 Qxg6 17. Nxg6 Rg8 18. Nxe6 Nbd7 19. f3 Nh7 20. Kf2 Rc8 21. Rhe1 c5 22. dxc5 Nxc5 23. Be3 b6 24. Bxc5 bxc5 25. c3 Kb6 26. Rad1 Nf6 27. Kg3 Nh7 28. Rxd5 1-0

[Event "Leipzig VfB op 16th"]
[Site "Leipzig"]
[Date "2009.04.01"]
[Round "3"]
[White "Wiesner, Klaus"]
[Black "Eidam, Horst"]
[Result "1/2-1/2"]
[WhiteElo "1320"]
[BlackElo "2025"]
[PlyCount "44"]
[EventDate "2009.03.31"]
[EventType "swiss"]
[EventRounds "9"]
[EventCountry "GER"]
[SourceTitle "EXT 2010"]
[Source "ChessBase"]
[SourceDate "2010.11.25"]
[SourceVersion "1"]
[SourceVersionDate "2010.11.25"]
[SourceQuality "1"]

1. Nf3 c5 2. e4 d6 3. Nc3 Nc6 4. g3 Bg4 5. h3 Bd7 6. Bg2 Qc8 7. d4 cxd4 8. Nxd4 a6 9. Nd5 Qd8 10. Be3 e6 11. Nxc6 Bxc6 12. Bb6 Qc8 13. Nc7+ Kd7 14. Nxa8 Qxa8 15. 0-0 Ne7 16. c4 Nc8 17. Be3 b6 18. Qd2 Bxe4 19. Bxe4 Qxe4 20. b3 Qc6 21. Rac1 Kc7 22. b4 Kb7 1/2-1/2

[Event "Leipzig VfB op 15th"]
[Site "Leipzig"]
[Date "2008.02.26"]
[Round "1"]
[White "Mueller, Marius"]
[Black "Eidam, Horst"]
[Result "0-1"]
[WhiteElo "1462"]
[BlackElo "1992"]
[PlyCount "64"]
[EventDate "2008.02.26"]
[EventType "swiss"]
[EventRounds "9"]
[EventCountry "GER"]
[SourceTitle "CBM 123 Extra"]
[Source "ChessBase"]
[SourceDate "2008.05.06"]
[SourceVersion "1"]
[SourceVersionDate "2008.05.06"]
[SourceQuality "1"]

1. e4 e6 2. d4 d5 3. exd5 exd5 4. Bd3 Bd6 5. Be3 Ne7 6. Ne2 Bf5 7. Nf4 0-0 8. Bxf5 Nxf5 9. Nxd5 c6 10. Ndc3 Nxe3 11. fxe3 Qh4+ 12. Kf1 f5 13. Qf3 Nd7 14. g3 Qh3+ 15. Qg2 Qh6 16. Qf3 Rae8 17. Ke2 f4 18. gxf4 Rxf4 19. Qg2 Rxd4 20. Nd1 Bf4 21. c3 Rde4 22. Nd2 R4e6 23. Nf1 Nb6 24. Ng3 Bxe3 25. Nf5 Qh5+ 26. Qf3 Bf4+ 27. Kf2 Re2+ 28. Qxe2 Qxe2+ 29. Kg1 Re5 30. Ne7+ Rxe7 31. Nf2 Be3 32. Rf1 Qg4# 0-1

[Event "Wch Seniors 14th"]
[Site "Halle"]
[Date "2004.10.29"]
[Round "6"]
[White "Hobusch, Werner"]
[Black "Eidam, Horst"]
[Result "1-0"]
[WhiteElo "2130"]
[BlackElo "1999"]
[PlyCount "191"]
[EventDate "2004.10.24"]
[EventType "swiss"]
[EventRounds "11"]
[EventCountry "GER"]
[SourceTitle "EXT 2005"]
[Source "ChessBase"]
[SourceDate "2004.11.15"]
[SourceVersion "1"]
[SourceVersionDate "2004.11.15"]
[SourceQuality "1"]

1. d4 Nf6 2. Nc3 d5 3. Bg5 e6 4. e4 dxe4 5. Bxf6 Qxf6 6. Nxe4 Qd8 7. Nf3 Be7 8. Bd3 b6 9. Qe2 Bb7 10. 0-0 0-0 11. Rad1 Nd7 12. b3 Nf6 13. c4 c6 14. Nfg5 g6 15. Bb1 Nxe4 16. Nxe4 Bf6 17. Nxf6+ Qxf6 18. Qe5 Qe7 19. Rfe1 Qd7 20. Re3 Rad8 21. Rdd3 Qd6 22. Qf6 Rfe8 23. Rh3 Qe7 24. Qf4 f6 25. Qd2 Rd7 26. Rdg3 f5 27. Qf4 Qg7 28. Rd3 Red8 29. Qe5 Kf7 30. Rhe3 Qxe5 31. dxe5 c5 32. Rxd7+ Rxd7 33. Rd3 Ke7 34. Rxd7+ Kxd7 35. f4 Bc6 36. Bd3 Kc7 37. Kf2 Kb7 38. Kg3 h6 39. Kh3 Be8 40. g4 fxg4+ 41. Kxg4 Kc7 42. Be4 Kd7 43. h4 Ke7 44. Kf3 Kd7 45. Ke3 Kc7 46. Kd2 a6 47. Kc3 a5 48. a3 Bf7 49. b4 axb4+ 50. axb4 cxb4+ 51. Kxb4 Be8 52. Bc2 Bf7 53. Ba4 Kb7 54. Bb5 Kc7 55. c5 bxc5+ 56. Kxc5 Bg8 57. Be8 Bh7 58. Kd4 Kd8 59. Bb5 Bg8 60. Bd3 Bf7 61. Kc5 Ke7 62. Kc6 Be8+ 63. Kc7 Bf7 64. Kb6 Be8 65. Kc5 Bf7 66. Kd4 Be8 67. Ke3 Bf7 68. Kf2 Be8 69. Kg3 Bf7 70. Be2 Be8 71. h5 Kf7 72. Bc4 Bd7 73. Kh4 Kg7 74. Be2 Ba4 75. Bc4 Bd7 76. Kg4 gxh5+ 77. Kxh5 Bc8 78. Bb5 Bb7 79. Bd7 Bd5 80. Kg4 Bb3 81. Be8 Ba2 82. Kf3 Bb3 83. Ke2 Bd5 84. Ke3 Bb3 85. Bh5 Kf8 86. Bg4 Kf7 87. Kd4 Ke7 88. Bh5 Ba2 89. Bd1 Bd5 90. f5 Ba2 91. f6+ Kf7 92. Bh5+ Kf8 93. Kc5 Bb3 94. Be2 Bc2 95. Kd6 Bb3 96. Bh5 1-0

[Event "Wch Seniors 14th"]
[Site "Halle"]
[Date "2004.10.28"]
[Round "5"]
[White "Eidam, Horst"]
[Black "Jordanov, Doichin"]
[Result "1/2-1/2"]
[WhiteElo "1999"]
[BlackElo "2107"]
[PlyCount "61"]
[EventDate "2004.10.24"]
[EventType "swiss"]
[EventRounds "11"]
[EventCountry "GER"]
[SourceTitle "EXT 2005"]
[Source "ChessBase"]
[SourceDate "2004.11.15"]
[SourceVersion "1"]
[SourceVersionDate "2004.11.15"]
[SourceQuality "1"]

1. c4 Nf6 2. g3 e6 3. Bg2 d5 4. d4 c6 5. Nf3 Bb4+ 6. Bd2 Bxd2+ 7. Nbxd2 0-0 8. 0-0 Nbd7 9. Qc2 Nb6 10. e3 Re8 11. Rfd1 Bd7 12. Ne5 Nc8 13. Ndf3 Nd6 14. Nd2 Re7 15. c5 Nf5 16. Ndf3 Ne4 17. g4 Nh6 18. Nxd7 Rxd7 19. Ne5 Rc7 20. Bxe4 dxe4 21. Qxe4 Qh4 22. f3 Re7 23. Qc2 f6 24. Nc4 f5 25. gxf5 exf5 26. Qf2 Qh5 27. Kh1 Rf8 28. Rg1 Rf6 29. Ne5 Nf7 30. Nxf7 Qxf7 31. b3 1/2-1/2

[Event "Wch Seniors 14th"]
[Site "Halle"]
[Date "2004.10.27"]
[Round "4"]
[White "Bierwisch, Bernhard"]
[Black "Eidam, Horst"]
[Result "1-0"]
[WhiteElo "2201"]
[BlackElo "1999"]
[PlyCount "37"]
[EventDate "2004.10.24"]
[EventType "swiss"]
[EventRounds "11"]
[EventCountry "GER"]
[SourceTitle "EXT 2005"]
[Source "ChessBase"]
[SourceDate "2004.11.15"]
[SourceVersion "1"]
[SourceVersionDate "2004.11.15"]
[SourceQuality "1"]

1. e4 g6 2. d4 Bg7 3. Nf3 d6 4. Be2 Nf6 5. Nc3 0-0 6. Bg5 c6 7. Qd2 b5 8. a3 Bb7 9. Rd1 Qc7 10. 0-0 Nbd7 11. Rfe1 Rad8 12. Qf4 Rfe8 13. e5 dxe5 14. dxe5 Nh5 15. Qe3 Nxe5 16. Nxe5 Bxe5 17. Bxh5 Bxc3 18. Qxc3 Rxd1 19. Bxd1 1-0

[Event "Wch Seniors 12th"]
[Site "Naumburg"]
[Date "2002.11.01"]
[Round "10"]
[White "Eidam, Horst"]
[Black "Schneider, Siegfried"]
[Result "1-0"]
[WhiteElo "1862"]
[BlackElo "1676"]
[PlyCount "103"]
[EventDate "2002.10.21"]
[EventType "swiss"]
[EventRounds "11"]
[EventCountry "GER"]
[SourceTitle "EXT 2006"]
[Source "ChessBase"]
[SourceDate "2005.11.24"]
[SourceVersion "1"]
[SourceVersionDate "2005.11.24"]
[SourceQuality "1"]

1. c4 Nf6 2. Nc3 d5 3. cxd5 Nxd5 4. g3 Nxc3 5. bxc3 e5 6. Bg2 c6 7. Nf3 Bd6 8. d3 0-0 9. 0-0 Bg4 10. Qb3 Qc7 11. h3 Bh5 12. e4 Nd7 13. Be3 Nc5 14. Qc2 Ne6 15. g4 Bg6 16. Nh4 Nf4 17. Rab1 Nxg2 18. Kxg2 b6 19. a4 Be7 20. Nxg6 hxg6 21. c4 f5 22. c5 Bxc5 23. Bxc5 bxc5 24. Qxc5 fxg4 25. hxg4 Qf7 26. Qc4 Qxc4 27. dxc4 Rab8 28. Rfd1 Rxb1 29. Rxb1 Rf7 30. Rb8+ Rf8 31. Rb4 Rf7 32. g5 Rd7 33. Rb8+ Kf7 34. Rc8 Rd4 35. Rxc6 Rxe4 36. f3 Re2+ 37. Kg3 Rc2 38. a5 Rc3 39. Kf2 Kg8 40. a6 Kh7 41. Rc7 Rc1 42. Ke3 Rc3+ 43. Ke4 Kg8 44. Kxe5 Rxf3 45. Rxa7 Rf5+ 46. Kd6 Rxg5 47. Rb7 Ra5 48. a7 Kh7 49. c5 Ra1 50. c6 g5 51. c7 Rd1+ 52. Ke5 1-0

[Event "Wch Seniors 12th"]
[Site "Naumburg"]
[Date "2002.10.29"]
[Round "7"]
[White "Schuler, Georg"]
[Black "Eidam, Horst"]
[Result "1-0"]
[WhiteElo "2148"]
[BlackElo "1862"]
[PlyCount "118"]
[EventDate "2002.10.21"]
[EventType "swiss"]
[EventRounds "11"]
[EventCountry "GER"]
[SourceTitle "EXT 2006"]
[Source "ChessBase"]
[SourceDate "2005.11.24"]
[SourceVersion "1"]
[SourceVersionDate "2005.11.24"]
[SourceQuality "1"]

1. c4 e5 2. Nc3 Nf6 3. g3 d5 4. cxd5 Nxd5 5. Bg2 Nb6 6. d3 Nc6 7. Nf3 Be7 8. 0-0 0-0 9. a3 Be6 10. b4 a6 11. Bb2 f6 12. Rc1 Qd7 13. Ne4 Qc8 14. Nc5 Bd5 15. Qc2 Nd8 16. Nd2 Bxg2 17. Kxg2 c6 18. Qb3+ Kh8 19. d4 exd4 20. Bxd4 Nd7 21. e3 Nxc5 22. Bxc5 Re8 23. Nf3 Ne6 24. Bxe7 Rxe7 25. Rfd1 Qc7 26. Rd2 Rd8 27. Rcd1 Rxd2 28. Rxd2 Nf8 29. Qd1 Rd7 30. Nd4 Qd8 31. Qb3 Qe7 32. Kg1 Qe4 33. f3 Qd5 34. Qd1 h6 35. Kf2 Qh5 36. Kg2 Qe5 37. e4 Ne6 38. Nf5 Rxd2+ 39. Qxd2 Qc7 40. h4 Kh7 41. h5 Qd8 42. Qxd8 Nxd8 43. Nd6 Kg8 44. Kf2 Kf8 45. Ke3 Ke7 46. Nf5+ Kf7 47. f4 g6 48. hxg6+ Kxg6 49. g4 h5 50. gxh5+ Kxh5 51. Nd6 Kg6 52. f5+ Kg7 53. Kd4 Kf8 54. Kc5 Ke7 55. Nc4 Nf7 56. Kb6 Ng5 57. Nd2 Kd6 58. Kxb7 Ke5 59. Kxc6 Nxe4 1-0